3D Path Planning for Multiple Aerial Robots Using Genetic Algorithm and B-Spline Curves / (Record no. 525413)

000 -LEADER
fixed length control field 00617nam a22001937a 4500
003 - CONTROL NUMBER IDENTIFIER
control field NUST
005 - DATE AND TIME OF LATEST TRANSACTION
control field 20190702054520.0
008 - FIXED-LENGTH DATA ELEMENTS--GENERAL INFORMATION
fixed length control field 190702b ||||| |||| 00| 0 eng d
038 ## - RECORD CONTENT LICENSOR
Staff Name Mr. Zahoor
082 ## - DEWEY DECIMAL CLASSIFICATION NUMBER
Classification number 621.39
100 ## - MAIN ENTRY--PERSONAL NAME
Personal name Malik, Imran Akhtar
9 (RLIN) 16278
245 ## - TITLE STATEMENT
Title 3D Path Planning for Multiple Aerial Robots Using Genetic Algorithm and B-Spline Curves /
Statement of responsibility, etc. Imran Akhtar Malik
260 ## - PUBLICATION, DISTRIBUTION, ETC.
Place of publication, distribution, etc. Islamabad :
Name of publisher, distributor, etc. CEME - NUST
Date of publication, distribution, etc. 2014.
300 ## - PHYSICAL DESCRIPTION
Extent ix, 40 p. : ill. ;
Dimensions 30cm.
500 ## - GENERAL NOTE
General note Hardcover.
650 ## - SUBJECT ADDED ENTRY--TOPICAL TERM
Topical term or geographic name entry element Computer Engineering - MS Thesis
9 (RLIN) 16083
700 ## - ADDED ENTRY--PERSONAL NAME
Personal name Dr. Shoab Ahmad Khan
9 (RLIN) 16279
942 ## - ADDED ENTRY ELEMENTS (KOHA)
Source of classification or shelving scheme
Koha item type Thesis
Holdings
Withdrawn status Lost status Source of classification or shelving scheme Damaged status Not for loan Permanent Location Current Location Shelving location Date acquired Total Checkouts Full call number Barcode Date last seen Price effective from Koha item type
          Central Library (CL) Central Library (CL) Thesis 07/02/2019   621.39 CL-T-167 07/03/2019 07/02/2019 Thesis
© 2023 Central Library, National University of Sciences and Technology. All Rights Reserved.